000 00749 a2200181 4500
001 141236
040 _cLeonardo Da Vinci
041 _aPortuguês
082 _a303.482 B817m
_bB817m
100 _aBRANDÃO, Antônio Carlos
_aDUARTE, Milton Fernandes
245 _aMovimentos culturais de juventude
260 _bModerna
_c1990
_aSão Paulo
300 _a120
362 _a19900000
490 _aPolêmica
697 _aCiências sociais
_aSociologia
_aMovimentos
_aMovimentos sociais
_aCultura
_aGuerra fria
_aMacartismo
_aGeração Beat
_aDécada de 50
_aDécada de 60
_aDécada de 70
_aDécada de 80
_aChanchada
_aBossa Nova
_aRock'n Roll
_aBeatles
_aRolling Stones
_aVanguarda
_aCinema
_aPunk
_aContracultura
_aIndústria cultural
_aRock nacional
942 _cBK
999 _c141236
_d141236